Bytový dom

Na minha lista:
Detalhes bibliográficos
Autor principal: Augustovič, Kristián (Author)
Outros Autores: Palková, Adela (Thesis advisor)
Formato: Manuscrito Livro
Idioma:eslovaco
Publicado em: 2021
Assuntos:
Acesso em linha:http://is.stuba.sk/zp/portal_zp.pl?podrobnosti=143350
https://opac.crzp.sk/?fn=detailBiblioForm&sid=C5B0443D08DFEDB2320C0949A386
Tags: Adicionar Tag
Sem tags, seja o primeiro a adicionar uma tag!

MARC

LEADER 00000ntm a22000003a 4500
001 stuzp85036
003 SK-STU
005 20230510140111.2
007 ta
008 150427s2015----xo-----f-mn---000-0-slo-d
040 |a STU  |b slo 
041 0 |a slo 
100 1 |a Augustovič, Kristián  |u 010180  |4 aut  |U SvF Stavebná fakulta  |T SvF Katedra konštrukcií pozemných stavieb  |X 92841  |U V180  |Y 18  |7 92841 
242 0 1 |a Residential building  |y eng 
245 1 0 |a Bytový dom 
260 |c 2021 
650 4 |a Bytový dom  |2 slo 
650 4 |a Polyfunkcia  |2 slo 
650 4 |a Realizácia  |2 slo 
650 4 |a Residential building  |2 eng 
650 4 |a Multifunctional  |2 eng 
650 4 |a Complete realization  |2 eng 
700 1 |a Palková, Adela  |u 010180  |k Z1  |4 ths  |U SvF Stavebná fakulta  |T SvF Katedra konštrukcií pozemných stavieb  |X 38081  |U V180  |Y 18  |7 A000038081 
856 4 |u http://is.stuba.sk/zp/portal_zp.pl?podrobnosti=143350 
856 4 |u https://opac.crzp.sk/?fn=detailBiblioForm&sid=C5B0443D08DFEDB2320C0949A386